书目信息 |
| 题名: |
化工产品手册 橡胶及橡胶制品
|
|
| 作者: | 刘登祥 主编 | |
| 分册: | ||
| 出版信息: | 北京 化学工业出版社 1999.01 |
|
| 页数: | 1020页 | |
| 开本: | 32开 | |
| 丛书名: | ||
| 单 册: | ||
| 中图分类: | TQ072-62 | |
| 科图分类: | 10 | |
| 主题词: | 化工产品 , 化工产品:副产品 | |
| 电子资源: | ||
| ISBN: | 7-5025-2306-5 | |
| 000 | 00656nam0 2200217 45 | |
| 001 | 0010071144 | |
| 005 | 20001007111804.3 | |
| 010 | @a7-5025-2306-5@d65.00元 | |
| 100 | @a20001007d1999 km y0chiy0120 ea | |
| 101 | 0 | @achi |
| 105 | @a z 000yy | |
| 200 | 1 | @a化工产品手册 橡胶及橡胶制品@AHua Gong Chan Pin Shou Ce Xiang Jiao Ji Xiang Jiao Zhi Pin@f刘登祥 主编@FLiu Deng Xiang Zhu Bian |
| 210 | @a北京@c化学工业出版社@d1999.01 | |
| 215 | @a1020页@d32开 | |
| 606 | 0 | @a化工产品 |
| 606 | 0 | @a化工产品:副产品 |
| 690 | @aTQ072-62@v3 | |
| 692 | @a10 | |
| 701 | 0 | @a刘登祥@4主编 |
| 801 | @aCN@bPftUser@c20001007 | |
| 905 | @b170550-559@dTQ072-62@eL884@f10 | |
| 化工产品手册 橡胶及橡胶制品/刘登祥 主编.-北京:化学工业出版社,1999.01 |
| 1020页;32开 |
| ISBN 7-5025-2306-5:65.00元 |
| ● |
| 相关链接 |
|
|
|
正题名:化工产品手册橡胶及橡胶制品
索取号:TQ072-62/L884
 
预约/预借
| 序号 | 登录号 | 条形码 | 馆藏地/架位号 | 状态 | 备注 |
| 1 | 170550 | 201705501 | 自科库501/501自科库 139排1列1层/ [索取号:TQ072-62/L884] | 在馆 | |
| 2 | 170551 | 201705510 | 自科二线504/504自科库 29排1列5层/ [索取号:TQ072-62/L884] | 在馆 | |
| 3 | 170552 | 201705529 | 自科二线504/504自科库 29排2列2层/ [索取号:TQ072-62/L884] | 在馆 | |
| 4 | 170553 | 201705538 | 自科二线504/504自科库 29排2列2层/ [索取号:TQ072-62/L884] | 在馆 | |
| 5 | 170554 | 201705547 | 自科二线504/504自科库 29排1列2层/ [索取号:TQ072-62/L884] | 在馆 | |
| 6 | 170555 | 201705556 | 自科库501/501自科库 138排9列6层/ [索取号:TQ072-62/L884] | 在馆 | |
| 7 | 170556 | 201705565 | 材料与化工学院资料室/ [索取号:TQ072-62/L884] | 在馆 | |
| 8 | 170557 | 201705574 | 自科二线504/504自科库 29排2列2层/ [索取号:TQ072-62/L884] | 在馆 | |
| 9 | 170558 | 201705583 | 自科库501/501自科库 139排1列1层/ [索取号:TQ072-62/L884] | 在馆 | |
| 10 | 170559 | 201705592 | 自科二线504/504自科库 29排1列2层/ [索取号:TQ072-62/L884] | 在馆 |